| 000 | 01032 a2200289 4500 | ||
|---|---|---|---|
| 003 | OSt | ||
| 005 | 20180116192353.0 | ||
| 008 | 120601t xxu||||| |||| 00| 0 eng d | ||
| 010 | _a 2007020769 | ||
| 020 | _a9781568814513 (pbk.) | ||
| 020 | _a1568814518 (pbk.) | ||
| 035 | _a(OCoLC)ocn132585171 | ||
| 040 | _c0 | ||
| 082 | 0 | 0 | _a736.982 |
| 100 | 1 |
_aGjerde, Eric, _93449 |
|
| 245 | 1 | 0 |
_aOrigami tessellations : _bawe-inspiring geometric designs / _cby Eric Gjerde. |
| 260 |
_aWellesley, Mass. : _bA K Peters, _c2009. |
||
| 300 |
_a121 p. : _bill. (chiefly col.) ; _c26 cm. |
||
| 500 | _aIncludes index. | ||
| 650 | 1 | 0 |
_aOrigami. _93450 |
| 650 | 1 | 0 |
_aPaper work _93451 |
| 650 | 1 | 0 |
_aOrigami _xJuvenile literature _93452 |
| 856 | 4 | 1 |
_3Table of contents only _uhttp://www.loc.gov/catdir/toc/ecip0718/2007020769.html |
| 856 | 4 | 1 |
_3Publisher description _uhttp://www.loc.gov/catdir/enhancements/fy0730/2007020769-d.html |
| 942 |
_aSADA _cBK _k736.982 GJE 2009 _2ddc |
||
| 999 |
_c353003 _d353003 |
||